[Event "Lichtenrader Herbst 2006"]
[Site "Berlin"]
[Date "2006.10.01"]
[Round "2.13"]
[White "Kujawa, Werner"]
[Black "Maahs, Erich"]
[Result "0-1"]
[WhiteElo "1871"]
[BlackElo "2183"]
[PlyCount "102"]
[EventDate "2006.??.??"]

1. e4 e5 2. Nf3 Nf6 3. Nc3 Bb4 4. Nxe5 Qe7 5. Nd3 Bxc3 6. dxc3 Nxe4 7. Qe2 Nc6
8. f3 Nf6 9. Bg5 d6 10. Bxf6 gxf6 11. Qxe7+ Nxe7 12. O-O-O Ng6 13. g3 Be6 14.
Kb1 O-O-O 15. Bg2 Rde8 16. Rhe1 Rhg8 17. f4 h5 18. Bf3 h4 19. g4 f5 20. gxf5
Bxf5 21. Bd5 Bxd3 22. cxd3 Rxe1 23. Rxe1 Nxf4 24. Bxf7 Rg2 25. Re4 Nxd3 26.
Rxh4 Rxb2+ 27. Ka1 Rc2 28. a3 Rxc3 29. Ka2 Nc5 30. Rh8+ Kd7 31. h4 Ke7 32. Bg6
Kf6 33. h5 Rh3 34. Rf8+ Kg5 35. Rf5+ Kh6 36. Rf6 Rh2+ 37. Kb1 Kg5 38. Rf5+ Kg4
39. Rd5 b5 40. Bc2 a5 41. Bd1+ Kf4 42. Bc2 b4 43. axb4 axb4 44. Bg6 b3 45. Rf5+
Ke3 46. Rf7 Kd4 47. Rf4+ Kc3 48. Rf3+ Kb4 49. Rf4+ Ka3 50. Rf1 Na4 51. Rc1 b2
0-1

[Event "Lichtenrader Herbst 2006"]
[Site "Berlin"]
[Date "2006.10.01"]
[Round "2.14"]
[White "Welz, Peter"]
[Black "Glantz, Robert"]
[Result "1/2-1/2"]
[WhiteElo "2183"]
[BlackElo "1926"]
[PlyCount "68"]
[EventDate "2006.??.??"]

1. e4 c5 2. Nc3 Nc6 3. g3 g6 4. Bg2 Bg7 5. d3 Rb8 6. f4 d6 7. Nf3 e6 8. O-O
Nge7 9. Kh1 O-O 10. g4 f5 11. h3 b5 12. Qe1 b4 13. Ne2 c4 14. Qh4 h6 15. Be3
Ba6 16. Ned4 Qd7 17. exf5 exf5 18. Nxc6 Nxc6 19. Rad1 b3 20. axb3 cxb3 21. Rf2
Rfe8 22. Bc1 Nb4 23. cxb3 Nxd3 24. Rfd2 Rxb3 25. Nh2 Bb7 26. gxf5 Bxg2+ 27.
Rxg2 Qc6 28. Ng4 Qf3 29. Rdg1 Nxc1 30. Nf6+ Bxf6 31. Qxf6 Qxh3+ 32. Rh2 Qf3+
33. Rhg2 Qh5+ 34. Rh2 Qf3+ 1/2-1/2

[Event "Lichtenrader Herbst 2006"]
[Site "Berlin"]
[Date "2006.10.01"]
[Round "2.15"]
[White "Bandow, Alexander"]
[Black "Bukowski, Henryk"]
[Result "1/2-1/2"]
[WhiteElo "2153"]
[BlackElo "1924"]
[PlyCount "61"]
[EventDate "2006.??.??"]

1. e4 c5 2. Nf3 d6 3. d4 cxd4 4. Nxd4 Nf6 5. Nc3 a6 6. Be2 e5 7. Nb3 Be6 8. Be3
Nbd7 9. O-O Be7 10. Qd2 O-O 11. f4 b5 12. a3 Qc7 13. Nd5 Bxd5 14. exd5 Rac8 15.
fxe5 Nxe5 16. c3 Rfe8 17. Rad1 Rb8 18. Bd3 Nc4 19. Qf2 Bd8 20. Bd4 Ne5 21. Qf5
g6 22. Qf4 Qd7 23. h3 a5 24. Be4 b4 25. axb4 axb4 26. Nc1 Nh5 27. Qh6 Bf6 28.
Rde1 Bg7 29. Qd2 Ng3 30. Rf2 Nc4 31. Qd3 1/2-1/2

[Event "Lichtenrader Herbst 2006"]
[Site "Berlin"]
[Date "2006.10.01"]
[Round "2.16"]
[White "Binder, Thomas"]
[Black "Poppner, Dietmar"]
[Result "0-1"]
[WhiteElo "1855"]
[BlackElo "2149"]
[PlyCount "56"]
[EventDate "2006.??.??"]

1. e4 c5 2. d4 cxd4 3. c3 dxc3 4. Nxc3 Nc6 5. Nf3 e6 6. Bc4 Qc7 7. O-O a6 8.
Qe2 Nf6 9. e5 Ng4 10. Bf4 Be7 11. h3 Nh6 12. Bxh6 gxh6 13. Rac1 b5 14. Bb3 Bb7
15. Ne4 Rg8 16. Rfd1 Rd8 17. Qd2 Nxe5 18. Kf1 Nxf3 19. gxf3 Qe5 20. Re1 Qh5 21.
Qf4 Bxe4 22. Qxe4 Qxh3+ 23. Ke2 f5 24. Qb7 Rg2 25. Rh1 Qg3 26. Rhf1 Qe5+ 27.
Kd1 Qd4+ 28. Ke2 Bh4 0-1

[Event "Lichtenrader Herbst 2006"]
[Site "Berlin"]
[Date "2006.10.01"]
[Round "2.17"]
[White "Issel, Oliver"]
[Black "Zoellner, Rainer"]
[Result "0-1"]
[WhiteElo "2145"]
[BlackElo "1884"]
[PlyCount "64"]
[EventDate "2006.??.??"]

1. Nf3 e6 2. g3 d5 3. Bg2 Nf6 4. O-O c5 5. d3 Nc6 6. Nbd2 Be7 7. e4 O-O 8. e5
Nd7 9. Re1 Qc7 10. Qe2 f6 11. exf6 Nxf6 12. Bh3 Nd8 13. Ng5 e5 14. Bxc8 Rxc8
15. Qxe5 Qxe5 16. Rxe5 Nc6 17. Re1 Ng4 18. Ngf3 Bf6 19. c3 b5 20. Kg2 b4 21.
Nb1 Nge5 22. Nxe5 Nxe5 23. Rd1 a5 24. a3 Rf7 25. axb4 axb4 26. Ra5 Rb7 27. Bf4
Nd7 28. Rc1 g5 29. Be3 Bd8 30. Ra6 Ne5 31. d4 Nd3 32. Rc2 Ne1+ 0-1

[Event "Lichtenrader Herbst 2006"]
[Site "Berlin"]
[Date "2006.10.01"]
[Round "2.18"]
[White "Berg, Gerd"]
[Black "Shapiro, Yosip"]
[Result "0-1"]
[WhiteElo "1825"]
[BlackElo "2131"]
[PlyCount "82"]
[EventDate "2006.??.??"]

1. c4 c5 2. Nc3 Nf6 3. g3 d5 4. cxd5 Nxd5 5. d3 Nc7 6. Bg2 e5 7. Qb3 Nc6 8. Be3
Nd4 9. Bxd4 exd4 10. Nd5 Bd6 11. Nh3 O-O 12. Nhf4 Nxd5 13. Nxd5 Qa5+ 14. Kf1
Rb8 15. Qc2 Re8 16. e4 dxe3 17. Nxe3 b5 18. Be4 Bh3+ 19. Bg2 Be6 20. Bd5 Bxd5
21. Nxd5 Qd8 22. Ne3 Qc8 23. Qd1 Be5 24. Rb1 Bd4 25. Qf3 Qh3+ 26. Kg1 Qe6 27.
Nd5 Red8 28. Nc3 b4 29. Ne4 Qxa2 30. Kg2 Qd5 31. Rhe1 f5 32. Ng5 Qxf3+ 33. Kxf3
Bf6 34. Ne6 Rxd3+ 35. Kf4 c4 36. Ra1 Rd2 37. Kxf5 Rxf2+ 38. Kg4 Rxb2 39. Rxa7
Rxh2 40. Ng5 b3 41. Rea1 Bxa1 0-1

[Event "Lichtenrader Herbst 2006"]
[Site "Berlin"]
[Date "2006.10.01"]
[Round "2.19"]
[White "Schatz, Walter"]
[Black "Fieguth, Bernd"]
[Result "1-0"]
[WhiteElo "2125"]
[BlackElo "1860"]
[PlyCount "65"]
[EventDate "2006.??.??"]

1. d4 Nf6 2. c4 c5 3. Nf3 g6 4. Nc3 Bg7 5. e4 O-O 6. Be2 d6 7. O-O Nbd7 8. d5
Ng4 9. Ne1 f5 10. Bxg4 fxg4 11. Qxg4 Ne5 12. Qe2 Bg4 13. f3 Bd7 14. h3 e6 15.
f4 Nf7 16. Nf3 Qe7 17. Bd2 a6 18. a4 b6 19. Rfe1 e5 20. Rab1 Rab8 21. Qd3 h6
22. f5 g5 23. b4 Rfc8 24. Be3 Qe8 25. bxc5 bxc5 26. Qc2 Rb4 27. Qa2 Rcb8 28. a5
R8b7 29. Rxb4 Rxb4 30. Rb1 Qb8 31. Bd2 Bf6 32. Rxb4 Qxb4 33. Nb5 1-0

[Event "Lichtenrader Herbst 2006"]
[Site "Berlin"]
[Date "2006.10.01"]
[Round "2.20"]
[White "Apel, Wolfgang"]
[Black "Witte, Ronald"]
[Result "0-1"]
[WhiteElo "1817"]
[BlackElo "2122"]
[PlyCount "70"]
[EventDate "2006.??.??"]

1. c4 c5 2. Nf3 Nc6 3. d4 cxd4 4. Nxd4 Nf6 5. Nc3 e6 6. e4 Bb4 7. Nxc6 bxc6 8.
e5 Ne4 9. Qc2 Qa5 10. Qxe4 Bxc3+ 11. bxc3 Qxc3+ 12. Kd1 Qxa1 13. Bd3 Rb8 14.
Ke2 Qxa2+ 15. Bd2 Rb2 16. Rd1 c5 17. Ke1 Bb7 18. Qg4 Rxd2 19. Rxd2 Qa1+ 20. Rd1
Qxe5+ 21. Be2 Bc6 22. f4 Qc3+ 23. Kf1 O-O 24. h4 f5 25. Qg5 Qf6 26. Qxf6 gxf6
27. Ra1 Ra8 28. Ra5 Kf7 29. Rxc5 a5 30. Bf3 Bxf3 31. gxf3 a4 32. Rb5 a3 33. Rb1
a2 34. Ra1 Ke7 35. Ke2 Kd6 0-1

[Event "Lichtenrader Herbst 2006"]
[Site "Berlin"]
[Date "2006.10.02"]
[Round "3.1"]
[White "Figura, Atila Gajo"]
[Black "Witte, Ronald"]
[Result "1-0"]
[WhiteElo "2352"]
[BlackElo "2122"]
[PlyCount "55"]
[EventDate "2006.??.??"]

1. e4 c5 2. Nf3 d6 3. d4 cxd4 4. Nxd4 Nf6 5. Nc3 a6 6. Be3 e5 7. Nb3 Be6 8. f4
exf4 9. Bxf4 Nc6 10. Qe2 Ne5 11. h3 b5 12. O-O-O Qc7 13. g4 b4 14. Nd5 Nxd5 15.
exd5 Bd7 16. Re1 f6 17. Nd4 g5 18. Bxe5 fxe5 19. Ne6 Bxe6 20. dxe6 Ra7 21. Bg2
Bg7 22. Bd5 Qe7 23. Rhf1 Rf8 24. Rxf8+ Kxf8 25. Rf1+ Bf6 26. Qf2 Kg7 27. Qf5 b3
28. axb3 1-0

[Event "Lichtenrader Herbst 2006"]
[Site "Berlin"]
[Date "2006.10.02"]
[Round "3.2"]
[White "Fette, Martin"]
[Black "Jaeger, Andre"]
[Result "1-0"]
[WhiteElo "2315"]
[BlackElo "2120"]
[PlyCount "55"]
[EventDate "2006.??.??"]

1. e4 c5 2. Nf3 Nc6 3. Bb5 Nf6 4. Nc3 Qc7 5. O-O Nd4 6. Re1 Ng4 7. g3 Nxf3+ 8.
Qxf3 Ne5 9. Qd1 e6 10. Bf1 d6 11. Bg2 Nc6 12. d3 Be7 13. f4 O-O 14. Be3 Rb8 15.
Ne2 b5 16. Qd2 b4 17. Kh1 Bb7 18. Rf1 Na5 19. f5 d5 20. exd5 exd5 21. f6 Bxf6
22. Rxf6 gxf6 23. Bf4 Qe7 24. Bxb8 Rxb8 25. Nf4 d4 26. Nh5 Qe5 27. Qh6 Bxg2+
28. Kxg2 1-0

[Event "Lichtenrader Herbst 2006"]
[Site "Berlin"]
[Date "2006.10.02"]
[Round "3.3"]
[White "Hahlbohm, Matthias"]
[Black "Giemsa, Stephan"]
[Result "0-1"]
[WhiteElo "2114"]
[BlackElo "2296"]
[PlyCount "92"]
[EventDate "2006.??.??"]

1. e4 e6 2. d4 d5 3. e5 c5 4. c3 Nc6 5. Nf3 Bd7 6. a3 Nge7 7. Bd3 cxd4 8. cxd4
Qb6 9. Bc2 Nf5 10. Bxf5 exf5 11. O-O Be7 12. Nc3 Be6 13. b4 Qd8 14. Be3 g5 15.
Na4 f4 16. Bc1 b6 17. Bb2 Qd7 18. Rc1 Rc8 19. Ne1 O-O 20. Nd3 Nb8 21. Nc3 Rc4
22. Ne2 Rfc8 23. f3 Qc6 24. Bc3 Qd7 25. Qd2 Bf5 26. g3 fxg3 27. hxg3 Bg6 28. g4
h5 29. Nf2 f5 30. f4 fxg4 31. fxg5 h4 32. Nd3 g3 33. Ndf4 Bxg5 34. e6 Qg7 35.
Bb2 Be4 36. Rxc4 Rxc4 37. Rc1 b5 38. a4 Qh6 39. Rxc4 bxc4 40. Qe3 Qxe6 41. Bc1
Qg4 42. b5 Nd7 43. a5 Bxf4 44. Qxf4 Qxe2 45. Qg5+ Kf7 46. Qf4+ Nf6 0-1

[Event "Lichtenrader Herbst 2006"]
[Site "Berlin"]
[Date "2006.10.02"]
[Round "3.4"]
[White "Hoppensack, Manfred"]
[Black "Kiesekamp, Marcos"]
[Result "0-1"]
[WhiteElo "2110"]
[BlackElo "2251"]
[PlyCount "60"]
[EventDate "2006.??.??"]

1. e4 c5 2. Nf3 g6 3. d4 cxd4 4. Nxd4 Nf6 5. Nc3 Nc6 6. Be2 Bg7 7. Be3 O-O 8.
h4 d5 9. exd5 Nxd5 10. Nxc6 bxc6 11. Bd4 e5 12. Bc5 Re8 13. a3 Nxc3 14. bxc3
Qd5 15. Be3 Qa5 16. h5 Qxc3+ 17. Bd2 Qd4 18. hxg6 hxg6 19. c3 Qd5 20. Qa4 e4
21. c4 Qc5 22. Rc1 Bd4 23. Bc3 Bxf2+ 24. Kf1 Bd4 25. Bxd4 Qxd4 26. Qxc6 Bd7 27.
Qd5 Qf6+ 28. Ke1 Rad8 29. Qa5 e3 30. Bf3 Qb2 0-1

[Event "Lichtenrader Herbst 2006"]
[Site "Berlin"]
[Date "2006.10.02"]
[Round "3.5"]
[White "Offermann, Fernando"]
[Black "Tchetchelnitski, Boris"]
[Result "1/2-1/2"]
[WhiteElo "2082"]
[BlackElo "2232"]
[PlyCount "87"]
[EventDate "2006.??.??"]

1. Nf3 f5 2. g3 Nf6 3. Bg2 e6 4. O-O Be7 5. c4 O-O 6. Nc3 d6 7. d4 a5 8. Qc2
Nc6 9. Rd1 Qe8 10. e4 fxe4 11. Nxe4 e5 12. dxe5 dxe5 13. Nxf6+ Bxf6 14. Ng5 {
(=)} 14... Bxg5 15. Bxg5 Nd4 16. Qe4 c6 17. Bf4 Bg4 18. Rd2 exf4 19. Qxd4 Qh5
20. Re1 Rae8 21. Rxe8 Qxe8 22. h3 Bc8 23. gxf4 Qg6 24. Kh2 Qf5 25. b3 Qxf4+ 26.
Qxf4 Rxf4 27. Kg3 Rf8 28. Be4 g6 29. h4 Kf7 30. Rd6 Ke7 31. Rd2 Bf5 32. Bxf5
Rxf5 33. f4 Rf6 34. Kf3 b6 35. Ke4 Re6+ 36. Kf3 Rf6 37. Ke4 h6 38. Ke3 Re6+ 39.
Kf3 Rf6 40. Ke4 Rf5 41. Rg2 Rf6 42. Rd2 Re6+ 43. Kf3 Re1 44. Rg2 1/2-1/2

[Event "Lichtenrader Herbst 2006"]
[Site "Berlin"]
[Date "2006.10.02"]
[Round "3.6"]
[White "Meissner, Hans-Juergen"]
[Black "Dimitrijeski, Kristian"]
[Result "1/2-1/2"]
[WhiteElo "2225"]
[BlackElo "2104"]
[PlyCount "190"]
[EventDate "2006.??.??"]

1. d4 Nf6 2. Nf3 e6 3. c4 Bb4+ 4. Nbd2 O-O 5. a3 Bxd2+ 6. Bxd2 d5 7. Rc1 Nbd7
8. Bg5 c6 9. e3 Qa5+ 10. Qd2 Qxd2+ 11. Nxd2 Re8 12. cxd5 exd5 13. Be2 Ne4 14.
Nxe4 Rxe4 15. f3 Re8 16. Kd2 Nf8 17. Bh4 Bd7 18. Rc3 Ng6 19. Bf2 Re7 20. Bd3
Rae8 21. g4 f6 22. h4 Nf8 23. Bg3 Bc8 24. Re1 Ne6 25. b4 a6 26. a4 Bd7 27. Rb1
Ra8 28. Bd6 Ree8 29. a5 Rac8 30. Rg1 Nc7 31. Bc5 Nb5 32. Rb3 g6 33. h5 Kg7 34.
Rh1 f5 35. g5 Be6 36. Rbb1 Bf7 37. hxg6 Bxg6 38. Rbc1 Rcd8 39. Bb6 Rd7 40. Bxb5
axb5 41. a6 bxa6 42. Rxc6 Rde7 43. Bc7 Kf7 44. Be5 Re6 45. Rc5 Rd8 46. Rc7+ Ke8
47. Bf6 Rd7 48. Rc8+ Kf7 49. Be5 Re8 50. Rhc1 Rxc8 51. Rxc8 Ra7 52. Bc7 Ke7 53.
Bb6 Rb7 54. Bc5+ Kf7 55. Rc6 Kg7 56. Rc8 h5 57. Ke2 h4 58. Bd6 Ra7 59. Bf8+ Kf7
60. Bc5 Rb7 61. Rh8 Kg7 62. Rxh4 Rb8 63. Bd6 Rc8 64. Kf2 Rc2+ 65. Kg3 Ra2 66.
Be5+ Kf7 67. Bc7 Rc2 68. Bb6 Rc3 69. Kf4 Kg7 70. Rh1 Kf7 71. Rh8 Rc1 72. Ra8
Rf1 73. Bc5 Bh5 74. Ke5 Rxf3 75. Rxa6 Bg4 76. Rf6+ Kg7 77. Bf8+ Kg8 78. g6
Rxe3+ 79. Kf4 Rh3 80. Bd6 Kg7 81. Be5 Kh6 82. Rxf5 Bxf5 83. Kxf5 Rf3+ 84. Ke6
Kxg6 85. Kxd5 Kf5 86. Kc5 Ke6 87. Kxb5 Kd7 88. Kc4 Rf1 89. d5 Rc1+ 90. Bc3 Rd1
91. b5 Rb1 92. Bb4 Rc1+ 93. Kd4 Rd1+ 94. Kc5 Rc1+ 95. Kb6 Rb1 1/2-1/2

[Event "Lichtenrader Herbst 2006"]
[Site "Berlin"]
[Date "2006.10.02"]
[Round "3.7"]
[White "Zschaebitz, Klaus"]
[Black "Piepho, Niels"]
[Result "0-1"]
[WhiteElo "2066"]
[BlackElo "2218"]
[PlyCount "128"]
[EventDate "2006.??.??"]

1. d4 Nf6 2. Nf3 g6 3. c4 Bg7 4. Nc3 d6 5. e4 O-O 6. h3 e5 7. d5 a5 8. Be3 Na6
9. g4 Nc5 10. Nd2 Ne8 11. h4 f5 12. gxf5 gxf5 13. Qe2 b6 14. Bg5 Nf6 15. Rg1
Kh8 16. Bh3 fxe4 17. Bxc8 Nd3+ 18. Kd1 Qxc8 19. Ndxe4 Nf4 20. Bxf6 Bxf6 21. Qg4
Qxg4+ 22. Rxg4 h5 23. Rg1 Bxh4 24. Rh1 Be7 25. Kd2 Rad8 26. Rag1 Rg8 27. Rg3
Rdf8 28. Ne2 h4 29. Ng1 Rf7 30. Nf3 Rh7 31. Rxg8+ Kxg8 32. Rg1+ Kf8 33. Nh2 b5
34. b3 bxc4 35. bxc4 Ke8 36. Rg8+ Kd7 37. Ng4 Rf7 38. Ra8 Rg7 39. Nef6+ Bxf6
40. Nxf6+ Ke7 41. Ne4 h3 42. Ng3 Nh5 43. Nh1 Kf6 44. Rf8+ Kg5 45. Ke3 Kh4 46.
Rh8 h2 47. Ng3 Rxg3+ 48. fxg3+ Kg5 49. Rg8+ Kh6 50. Rh8+ Kg6 51. g4 h1=Q 52.
gxh5+ Qxh5 53. Rxh5 Kxh5 54. Ke4 Kg4 55. a4 Kg5 56. c5 Kg4 57. c6 Kg5 58. Ke3
Kf5 59. Kd3 e4+ 60. Kc4 e3 61. Kb5 e2 62. Kxa5 e1=Q+ 63. Ka6 Ke5 64. Kb7 Qa5
0-1

[Event "Lichtenrader Herbst 2006"]
[Site "Berlin"]
[Date "2006.10.02"]
[Round "3.8"]
[White "Gebigke, Martin"]
[Black "Hohn, August"]
[Result "1-0"]
[WhiteElo "2196"]
[BlackElo "2095"]
[PlyCount "68"]
[EventDate "2006.??.??"]

1. e4 c5 2. Nf3 d6 3. d4 cxd4 4. Nxd4 Nf6 5. Nc3 e6 6. Bg5 Be7 7. Qd2 a6 8. f3
b5 9. O-O-O Bb7 10. Kb1 Nbd7 11. h4 Rc8 12. Qe1 Qc7 13. Bd3 Nc5 14. h5 h6 15.
Bh4 b4 16. Nce2 O-O 17. g4 d5 18. e5 Qxe5 19. Bg3 Qe3 20. Bf4 Nxd3 21. cxd3
Rc1+ 22. Rxc1 Qxd3+ 23. Ka1 Ne8 24. Qd2 Qxd2 25. Bxd2 Bd6 26. g5 hxg5 27. Bxg5
Kh7 28. Nc6 f6 29. Bd2 e5 30. Na5 Ba8 31. Rc8 Nc7 32. Rxf8 Bxf8 33. Rc1 Bd6 34.
Ng3 g6 1-0

[Event "Lichtenrader Herbst 2006"]
[Site "Berlin"]
[Date "2006.10.02"]
[Round "3.9"]
[White "Kristovic, Stjepan"]
[Black "Haemmerlein, Thomas"]
[Result "1/2-1/2"]
[WhiteElo "2053"]
[BlackElo "2195"]
[PlyCount "66"]
[EventDate "2006.??.??"]

1. e4 c5 2. Nf3 e6 3. d4 cxd4 4. Nxd4 Bc5 5. Nb3 Bb6 6. Be2 Ne7 7. O-O O-O 8.
c4 f5 9. c5 Bc7 10. exf5 Nxf5 11. g3 Nc6 12. Nc3 b6 13. Nb5 bxc5 14. Nxc7 Qxc7
15. Nxc5 Ncd4 16. Nb3 Nxe2+ 17. Qxe2 Bb7 18. Bf4 Qc6 19. f3 Nh4 20. Nd4 Qc5 21.
Qe3 Nf5 22. Nxf5 Rxf5 23. b3 Qb5 24. a4 Qb4 25. Rad1 Bd5 26. Rd3 a6 27. Qd2
Qb6+ 28. Be3 Qb7 29. f4 Rc8 30. Rc1 Rxc1+ 31. Qxc1 Qb4 32. Bd4 Bc6 33. Qe3 Qa3
$138 1/2-1/2

[Event "Lichtenrader Herbst 2006"]
[Site "Berlin"]
[Date "2006.10.02"]
[Round "3.10"]
[White "Zoellner, Rainer"]
[Black "Neerforth, Philipp"]
[Result "1/2-1/2"]
[WhiteElo "1884"]
[BlackElo "2184"]
[PlyCount "97"]
[EventDate "2006.??.??"]

1. e4 c5 2. Nc3 Nc6 3. f4 g6 4. Nf3 Bg7 5. Bc4 e6 6. f5 Nge7 7. fxe6 fxe6 8.
O-O O-O 9. a3 d5 10. Ba2 c4 11. d3 Bxc3 12. bxc3 dxe4 13. dxe4 Qxd1 14. Rxd1 b5
15. Nd4 Nxd4 16. cxd4 Bb7 17. Re1 Nc6 18. c3 Na5 19. Rb1 Bc6 20. Bh6 Rf7 21.
Rb2 Rb8 22. Bb1 Nb7 23. Rf2 Rxf2 24. Kxf2 Nd6 25. Ke3 Nf7 26. Bf4 Rb6 27. Kf2
Ra6 28. Bc1 Kg7 29. Bc2 Nd6 30. g4 h6 31. Ke3 Ne8 32. Rf1 Nf6 33. h3 Rb6 34.
Kf4 Nd7 35. Re1 Rb8 36. Kg3 Rf8 37. h4 Rf7 38. Bf4 Nb6 39. Rf1 Kg8 40. Rf2 Na4
41. Bd2 g5 42. Rxf7 Kxf7 43. hxg5 hxg5 44. e5 Nb2 45. Bxg5 Nd3 46. Bxd3 cxd3
47. Bd2 Kg6 48. Kf4 Bd5 49. Be3 1/2-1/2

[Event "Lichtenrader Herbst 2006"]
[Site "Berlin"]
[Date "2006.10.02"]
[Round "3.11"]
[White "Maahs, Erich"]
[Black "Richter, Goetz"]
[Result "1-0"]
[WhiteElo "2183"]
[BlackElo "2079"]
[PlyCount "104"]
[EventDate "2006.??.??"]

1. e4 c5 2. Nf3 Nc6 3. d4 cxd4 4. Nxd4 Nf6 5. Nc3 d6 6. Be3 Ng4 7. Nxc6 bxc6 8.
Bc1 g6 9. h3 Nf6 10. Bd3 Bg7 11. O-O O-O 12. Qe1 Re8 13. f4 e5 14. fxe5 dxe5
15. Kh2 Nh5 16. Bc4 Nf4 17. Ne2 Be6 18. Bb3 g5 19. Be3 Qe7 20. Ng1 Bf6 21. g3
Ng6 22. Qf2 Bxb3 23. axb3 Kg7 24. Qf5 Rad8 25. Rf2 Nf8 26. Raf1 Nd7 27. Qg4 Rh8
28. h4 h6 29. hxg5 hxg5+ 30. Kg2 Rh6 31. Bxg5 Rg6 32. Nh3 Rg8 33. Qh5 Kf8 34.
Rf3 Bxg5 35. Rxf7+ Qxf7 36. Rxf7+ Kxf7 37. Nxg5+ Ke7 38. Nf3 Rxg3+ 39. Kf2 Rg2+
40. Ke3 R2g3 41. Kd2 Kd6 42. Ne1 R3g5 43. Qe2 Nc5 44. b4 Ne6 45. Qc4 Rh8 46. b5
cxb5 47. Qxb5 Nc5 48. Qc4 Rh2+ 49. Kc3 Rg3+ 50. Kb4 Nb7 51. Nd3 Rh8 52. Qd5+
Ke7 1-0

[Event "Lichtenrader Herbst 2006"]
[Site "Berlin"]
[Date "2006.10.02"]
[Round "3.12"]
[White "Poppner, Dietmar"]
[Black "Bornschein, Burkhard"]
[Result "1/2-1/2"]
[WhiteElo "2149"]
[BlackElo "2021"]
[PlyCount "65"]
[EventDate "2006.??.??"]

1. b3 e5 2. Bb2 d6 3. g3 Nf6 4. Bg2 g6 5. c4 Bg7 6. Nc3 c6 7. d4 exd4 8. Qxd4
O-O 9. Rd1 Ne8 10. Qd2 Qa5 11. a3 Be6 12. Na4 Qxd2+ 13. Rxd2 Nd7 14. Bxg7 Kxg7
15. Nc3 Nc5 16. Rb2 Rc8 17. Nf3 f5 18. Nd4 Bg8 19. O-O Nf6 20. Rd1 Rfe8 21. e3
Nce4 22. Nxe4 Nxe4 23. Bxe4 fxe4 24. Ne2 d5 25. Nc3 Re5 26. c5 Bf7 27. Rd4 b6
28. b4 Rb8 29. Na4 g5 30. Rc2 Be8 31. Kg2 Re6 32. h4 h6 33. Rc1 1/2-1/2

[Event "Lichtenrader Herbst 2006"]
[Site "Berlin"]
[Date "2006.10.02"]
[Round "3.13"]
[White "Shapiro, Yosip"]
[Black "Schlueter, Bernd"]
[Result "1-0"]
[WhiteElo "2131"]
[BlackElo "1825"]
[PlyCount "91"]
[EventDate "2006.??.??"]

1. e4 d6 2. d4 Nf6 3. Nc3 g6 4. Bg5 Bg7 5. e5 Nfd7 6. f4 O-O 7. Nf3 c5 8. exd6
f6 9. Bc4+ Kh8 10. Bh4 exd6 11. O-O Nc6 12. Nb5 Nb6 13. Be2 a6 14. dxc5 dxc5
15. Nd6 Nd4 16. Nxd4 Qxd6 17. Nb3 Qc7 18. a4 Be6 19. Bf2 Rad8 20. Qc1 c4 21.
Nd4 Bg8 22. f5 Rfe8 23. Bf3 c3 24. bxc3 Nc4 25. Rb1 Bd5 26. Ne6 Rxe6 27. Bxd5
Re5 28. Bxc4 Qxc4 29. fxg6 hxg6 30. Bd4 Re2 31. Qf4 Qc6 32. Qf3 Qxf3 33. Rxf3
f5 34. Bxg7+ Kxg7 35. Rxb7+ Kf6 36. Rb6+ Kg7 37. Rd3 Rde8 38. Rdd6 Rxc2 39.
Rxg6+ Kh7 40. Rge6 Rd8 41. h3 f4 42. Re7+ Kg8 43. Rg6+ Kf8 44. Re4 Kf7 45. Rxa6
Rdd2 46. Rxf4+ 1-0

[Event "Lichtenrader Herbst 2006"]
[Site "Berlin"]
[Date "2006.10.02"]
[Round "3.14"]
[White "Rehder, Frank"]
[Black "Schatz, Walter"]
[Result "0-1"]
[WhiteElo "1761"]
[BlackElo "2125"]
[PlyCount "40"]
[EventDate "2006.??.??"]

1. d4 Nf6 2. c4 e6 3. Nf3 c5 4. d5 exd5 5. cxd5 d6 6. Nc3 g6 7. e4 Bg7 8. Qc2
O-O 9. Be2 Na6 10. a3 Nc7 11. O-O Rb8 12. Rb1 b5 13. b4 c4 14. a4 a6 15. a5 Re8
16. Nd4 Bd7 17. f3 Nfxd5 18. Nxd5 Nxd5 19. Nxb5 axb5 20. Rd1 Nc3 0-1

[Event "Lichtenrader Herbst 2006"]
[Site "Berlin"]
[Date "2006.10.02"]
[Round "3.15"]
[White "Teschke, Olaf"]
[Black "Fuchs, Raimond"]
[Result "1-0"]
[WhiteElo "2254"]
[BlackElo "1943"]
[PlyCount "79"]
[EventDate "2006.??.??"]

1. d4 Nf6 2. c4 c5 3. d5 d6 4. Nc3 g6 5. g3 Bg7 6. Bg2 O-O 7. Nf3 e6 8. Nd2
exd5 9. Nxd5 Nxd5 10. Bxd5 Nc6 11. O-O Be6 12. Ne4 Nd4 13. Bg5 Qd7 14. e3 Bxd5
15. cxd5 Nf5 16. g4 Ne7 17. Nf6+ Bxf6 18. Bxf6 h6 19. e4 Kh7 20. f4 Ng8 21. Bc3
f6 22. Qf3 g5 23. h4 gxf4 24. Qxf4 Ne7 25. Bd2 Ng8 26. Rf2 Rf7 27. Raf1 Raf8
28. g5 Rg7 29. Rg2 Rff7 30. gxh6 Rxg2+ 31. Kxg2 Ne7 32. h5 Rf8 33. Rf3 Qd8 34.
Rg3 Rf7 35. Bc3 Qf8 36. Qxd6 Qxh6 37. Qxc5 Rg7 38. Qf2 Qxh5 39. Rxg7+ Kxg7 40.
Qxf6+ 1-0

[Event "Lichtenrader Herbst 2006"]
[Site "Berlin"]
[Date "2006.10.02"]
[Round "3.16"]
[White "Albrecht, Rainer"]
[Black "Getz, Nicolai"]
[Result "0-1"]
[WhiteElo "2244"]
[BlackElo "1924"]
[PlyCount "50"]
[EventDate "2006.??.??"]

1. d4 Nf6 2. c4 e6 3. Nc3 Bb4 4. g3 c5 5. Nf3 Ne4 6. Qd3 Qa5 7. Bd2 Nxd2 8.
Nxd2 cxd4 9. Qxd4 O-O 10. Bg2 Nc6 11. Qd3 Ne5 12. Qc2 Rb8 13. Ncb1 b5 14. cxb5
Qxb5 15. Nc3 Bxc3 16. bxc3 Ba6 17. Nb3 Rfc8 18. Nd4 Qb2 19. Qxb2 Rxb2 20. O-O
Rxc3 21. Rfb1 Rxb1+ 22. Rxb1 g6 23. Bf1 Ra3 24. Rb2 Bc4 25. Nb3 a5 0-1

[Event "Lichtenrader Herbst 2006"]
[Site "Berlin"]
[Date "2006.10.02"]
[Round "3.17"]
[White "Kaiser, Martin"]
[Black "Kachibadze, Georg"]
[Result "1/2-1/2"]
[WhiteElo "2186"]
[BlackElo "1939"]
[PlyCount "92"]
[EventDate "2006.??.??"]

1. e4 c5 2. c3 Nf6 3. e5 Nd5 4. Nf3 Nc6 5. Bc4 e6 6. O-O d6 7. d4 cxd4 8. cxd4
Be7 9. Qe2 O-O 10. Bd2 Qb6 11. Bc3 Bd7 12. Nbd2 Rac8 13. exd6 Bxd6 14. Ne4 Be7
15. Rfe1 Qc7 16. Bb3 b6 17. Rac1 Qb8 18. a3 h6 19. Bd2 Nf4 20. Qe3 Ng6 21. d5
exd5 22. Bxd5 Nce5 23. Nxe5 Qxe5 24. Rxc8 Rxc8 25. Qb3 Be6 26. Bxe6 Qxe6 27.
Qxe6 fxe6 28. Rc1 Rxc1+ 29. Bxc1 Ne5 30. Be3 Nc4 31. Bd4 Kf7 32. Kf1 Bf6 33.
Nxf6 gxf6 34. a4 e5 35. Bc3 a6 36. Ke2 Ke6 37. Kd3 Kd5 38. b3 Nd6 39. Bb4 Ne4
40. f3 Ng5 41. Bd2 h5 42. Bxg5 fxg5 43. b4 a5 44. b5 h4 45. h3 Kc5 46. Kc3 Kd5
1/2-1/2

[Event "Lichtenrader Herbst 2006"]
[Site "Berlin"]
[Date "2006.10.02"]
[Round "3.18"]
[White "Bukowski, Henryk"]
[Black "Welz, Peter"]
[Result "0-1"]
[WhiteElo "1924"]
[BlackElo "2183"]
[PlyCount "60"]
[EventDate "2006.??.??"]

1. e4 e6 2. Nc3 d5 3. d4 dxe4 4. Nxe4 Qd5 5. Bd3 Nf6 6. Nxf6+ gxf6 7. Qf3 Qxd4
8. Ne2 Qe5 9. c3 Be7 10. Bf4 Qa5 11. O-O Nc6 12. b4 Qb6 13. Qg3 Ne5 14. Rad1
Bd7 15. Be3 c5 16. bxc5 Bxc5 17. Rb1 Qc7 18. Be4 Bb6 19. c4 Bc6 20. Bxc6+ bxc6
21. c5 Ba5 22. Rfd1 Rd8 23. Qg7 Ke7 24. Bg5 fxg5 25. Qxg5+ f6 26. Qg7+ Nf7 27.
Nd4 Rdg8 28. Nf5+ exf5 29. Re1+ Bxe1 30. Rxe1+ Qe5 0-1

[Event "Lichtenrader Herbst 2006"]
[Site "Berlin"]
[Date "2006.10.02"]
[Round "3.19"]
[White "Boettcher, Patrick"]
[Black "Braese, Andreas"]
[Result "1-0"]
[WhiteElo "2161"]
[BlackElo "1913"]
[PlyCount "73"]
[EventDate "2006.??.??"]

1. e4 d6 2. d4 Nf6 3. Nc3 g6 4. f4 Bg7 5. Nf3 c5 6. dxc5 Qa5 7. Bd3 Qxc5 8. Qe2
O-O 9. Be3 Qa5 10. O-O Bg4 11. h3 Bxf3 12. Qxf3 Nc6 13. a3 Nd7 14. Bd2 Qb6+ 15.
Kh1 Nc5 16. Rab1 Nd4 17. Qf2 Nxd3 18. cxd3 Qa6 {(=)} 19. Nd5 Qxd3 20. Nxe7+ Kh8
21. Bc3 Ne2 22. Bxg7+ Kxg7 23. Rbd1 Ng3+ 24. Kg1 Ne2+ 25. Kh2 Qxe4 26. Nd5 Rae8
27. Rfe1 Qc2 28. Ne3 Qxb2 29. Rxe2 Qxa3 30. f5 f6 31. fxg6 hxg6 32. Rde1 Qc5
33. Nf5+ gxf5 34. Qxc5 Rxe2 35. Qc7+ Rf7 36. Qxf7+ Kxf7 37. Rxe2 1-0